[Event "ICS Rated standard match"]
[Site "204.178.125.65"]
[Date "2000.07.17"]
[Round "?"]
[White "Hossa"]
[Black "Amateur"]
[Result "0-1"]
[WhiteElo "2377"]
[BlackElo "2428"]
[PlyCount "107"]
[EventDate "2000.??.??"]

1. e4 c6 2. d4 d5 3. e5 Bf5 4. Nc3 e6 5. g4 Bg6 6. Nge2 Ne7 7. Nf4 c5 8. dxc5
Nec6 9. h4 Nxe5 10. Bg2 h6 11. Qe2 Nbc6 12. Nxg6 Nxg6 13. Bxd5 Bxc5 14. Be4
Nge5 15. f4 Nd4 16. Qg2 Nec6 17. Bd2 Qc7 18. Na4 Be7 19. c3 Nb5 20. Bd3 Nd6 21.
O-O-O Nb4 22. Be2 Nd5 23. Qf2 Rc8 24. Qxa7 b5 25. Qxc7 Rxc7 26. Bxb5+ Nxb5 27.
Kc2 Nd4+ 28. Kd3 Nf3 29. c4 Nf6 30. g5 Ng4 31. Ba5 Ra7 32. Ke2 Nxg5 33. hxg5
Rxa5 34. b3 Rf5 35. gxh6 g5 36. fxg5 Rf2+ 37. Kd3 Rxa2 38. Nc3 Nf2+ 39. Kd4 Ra8
40. Rhg1 Nxd1 41. Nxd1 Rd8+ 42. Kc3 Bxg5 43. Rxg5 Rxd1 44. Rh5 f5 45. b4 Rd7
46. b5 f4 47. Rh2 f3 48. Rf2 O-O 49. b6 e5 50. Kb4 e4 51. Rf1 e3 52. Rg1+ Kh8
53. Rg6 f2 54. Re6 {Hossa resigns} 0-1

[Event "ICS rated blitz match"]
[Site "204.178.125.65"]
[Date "2000.07.17"]
[Round "?"]
[White "PostModernist"]
[Black "Hossa"]
[Result "1-0"]
[WhiteElo "2634"]
[BlackElo "2495"]
[PlyCount "124"]
[EventDate "2000.??.??"]

1. e4 e6 2. d4 d5 3. Nd2 c5 4. g3 dxe4 5. dxc5 Nf6 6. Nb3 Qxd1+ 7. Kxd1 Be7 8.
Bg2 O-O 9. Bg5 Nbd7 10. Ke2 h6 11. Be3 Rd8 12. Rd1 e5 13. Na5 Nxc5 14. Bxc5
Bg4+ 15. f3 exf3+ 16. Nxf3 Rxd1 17. Rxd1 Bxc5 18. Nxb7 Be7 19. h3 Bxf3+ 20.
Kxf3 Rb8 21. Ke3 e4 22. Nd6 Rd8 23. Nf5 Rxd1 24. Nxe7+ Kh7 25. Nc6 Re1+ 26. Kf2
Rc1 27. Nd4 g6 28. a3 h5 29. Ke3 Re1+ 30. Ne2 h4 31. gxh4 Kh6 32. c4 Kg7 33.
Kd2 Rb1 34. Kc2 Ra1 35. c5 Kf8 36. c6 Ke7 37. Nc3 e3 38. Kd3 Rg1 39. Bf3 Rg3
40. Ke2 Rxh3 41. Nb5 a6 42. c7 Rh2+ 43. Kd1 Kd7 44. Bb7 e2+ 45. Ke1 Rh1+ 46.
Kxe2 Rc1 47. Bxa6 Ne4 48. Kf3 f5 49. Kf4 Rxc7 50. Nxc7 Kxc7 51. Bc4 Nf2 52. a4
Nd1 53. b4 Kd6 54. a5 Nb2 55. Bb5 Nd1 56. a6 Kc7 57. Be8 Nc3 58. Bxg6 Kb6 59.
Kxf5 Kxa6 60. h5 Kb5 61. h6 Kxb4 62. h7 Kc5 {Hossa resigns} 1-0

[Event "ICS rated blitz match"]
[Site "204.178.125.65"]
[Date "2000.07.17"]
[Round "?"]
[White "Hossa"]
[Black "PostModernist"]
[Result "0-1"]
[WhiteElo "2485"]
[BlackElo "2644"]
[PlyCount "102"]
[EventDate "2000.??.??"]

1. e4 g6 2. d4 Bg7 3. c4 Nf6 4. e5 Ng8 5. Nf3 d6 6. exd6 cxd6 7. Nc3 Bg4 8. Be2
Nh6 9. O-O Nf5 10. h3 Bxf3 11. Bxf3 Qd7 12. Bg4 Nc6 13. d5 Ne5 14. Qb3 Nxg4 15.
hxg4 Nd4 16. Qd1 h5 17. Be3 Qxg4 18. f3 Qh4 19. Ne4 Be5 20. Re1 Nf5 21. Qa4+
Kf8 22. Qb3 Nxe3 23. Qxe3 Rc8 24. Rac1 f5 25. Nf2 Rxc4 26. Rxc4 Qxc4 27. b3
Qxd5 28. f4 Bf6 29. Rd1 Qa5 30. a4 h4 31. Rd2 Kf7 32. Kf1 Rc8 33. Re2 Rc3 34.
Qd2 Qb4 35. a5 Rxb3 36. Qa2 Kg7 37. Rc2 Rb1+ 38. Ke2 Ra1 39. Qc4 Qe1+ 40. Kf3
Ra3+ 41. Nd3 e5 42. fxe5 Qf1+ 43. Ke3 dxe5 44. Qc7+ Kh6 45. Qh7+ Kxh7 46. Rc7+
Kh6 47. Rh7+ Kxh7 48. Kd2 Rxd3+ 49. Kc2 Qd1+ 50. Kb2 Rb3+ 51. Ka2 Qb1# {
Hossa checkmated} 0-1

[Event "ICS rated standard match"]
[Site "204.178.125.65"]
[Date "2000.07.17"]
[Round "?"]
[White "Amateur"]
[Black "Hossa"]
[Result "1-0"]
[WhiteElo "2442"]
[BlackElo "2363"]
[PlyCount "93"]
[EventDate "2000.??.??"]

1. e4 c6 2. d4 d5 3. Nc3 g6 4. Nf3 Bg4 5. h3 dxe4 6. hxg4 exf3 7. gxf3 Bg7 8.
Be3 h5 9. Qd2 Nf6 10. gxh5 gxh5 11. Bc4 b5 12. Rg1 Rg8 13. Bd3 h4 14. Rh1 Rh8
15. O-O-O Qa5 16. a3 Nbd7 17. Rdg1 Bf8 18. Bg5 h3 19. Rg3 Rd8 20. Rgxh3 Rxh3
21. Rxh3 Bg7 22. Bh6 Bxh6 23. Rxh6 Nf8 24. Rh8 Rd6 25. Qg5 Qb6 26. Ne4 Qxd4 27.
Nxf6+ Rxf6 28. Qg7 Qf4+ 29. Kb1 Kd7 30. Qxf8 Qc7 31. Be4 a6 32. Qa8 Qb6 33. Rb8
Qc5 34. b4 Qc4 35. Qa7+ Ke6 36. Re8 Ke5 37. Qxe7+ Qe6 38. Qc5+ Kf4 39. Rxe6
fxe6 40. Qe7 Rg6 41. Qd6+ Kg5 42. f4+ Kh6 43. Qf8+ Kh5 44. Qh8+ Rh6 45. Qe5+
Kh4 46. Qg5+ Kh3 47. Qg3# {Hossa checkmated} 1-0

[Event "ICS rated blitz match"]
[Site "204.178.125.65"]
[Date "2000.07.17"]
[Round "?"]
[White "PostModernist"]
[Black "Hossa"]
[Result "1-0"]
[WhiteElo "2663"]
[BlackElo "2476"]
[PlyCount "107"]
[EventDate "2000.??.??"]

1. d4 Nf6 2. c4 e6 3. Nf3 d5 4. Nc3 Be7 5. Bg5 O-O 6. e3 h6 7. Bh4 Nbd7 8. Rc1
c6 9. Bd3 dxc4 10. Bxc4 c5 11. O-O cxd4 12. Nxd4 Ne5 13. Bb3 Bd7 14. Bg3 Qb8
15. Qe2 Rc8 16. Rfd1 Bd6 17. Bh4 Neg4 18. h3 Bh2+ 19. Kf1 g5 20. Bxg5 hxg5 21.
hxg4 Bd6 22. Qf3 Be5 23. Ke2 Kf8 24. Rh1 Qd6 25. Rcd1 Qa6+ 26. Ke1 Ke7 27. Rh6
Rd8 28. Bd5 Rab8 29. Be4 Qc4 30. g3 Be8 31. a3 Qc5 32. Rd2 b6 33. Nce2 Nxe4 34.
Qxe4 Bxd4 35. exd4 Qd5 36. Qe3 f6 37. Nc3 Qg2 38. f4 gxf4 39. Qxf4 Qg1+ 40. Ke2
Rd6 41. Qxf6+ Kd7 42. Ne4 b5 43. Rc2 Qg2+ 44. Kd3 Qxc2+ 45. Kxc2 Rc8+ 46. Kb1
a5 47. Nxd6 Kc6 48. Qxe6 Bd7 49. d5+ Kb6 50. Nxc8+ Kc7 51. Qb6+ Kxc8 52. Rh8+
Be8 53. Rxe8+ Kd7 54. Qd8# {Hossa checkmated} 1-0

[Event "ICS rated blitz match"]
[Site "204.178.125.65"]
[Date "2000.07.17"]
[Round "?"]
[White "Hossa"]
[Black "PostModernist"]
[Result "0-1"]
[WhiteElo "2468"]
[BlackElo "2671"]
[PlyCount "100"]
[EventDate "2000.??.??"]

1. d4 Nf6 2. c4 e6 3. Nf3 b6 4. g3 Bb7 5. Bg2 Bb4+ 6. Nbd2 Be7 7. O-O O-O 8.
Re1 d5 9. cxd5 exd5 10. Ne5 Nbd7 11. Nxd7 Qxd7 12. Nf3 Bd6 13. Ng5 Qf5 14. Bh3
Qg6 15. Rf1 Rfe8 16. Re1 c5 17. Nf3 Qh5 18. Bg2 Ne4 19. a4 c4 20. Nh4 g5 21.
Bf3 g4 22. Bh1 Rad8 23. a5 bxa5 24. Rxa5 Bb4 25. Rxa7 Bxe1 26. Qxe1 Bc6 27.
Bxe4 dxe4 28. Ra5 Rd5 29. Rxd5 Qxd5 30. Be3 Rb8 31. Qc1 Qb5 32. Bh6 Rb6 33. Qf4
Bd7 34. Qc1 f6 35. Ng2 Be6 36. Nf4 Bf7 37. d5 Bxd5 38. Qc3 Rd6 39. Qa3 Qc6 40.
Qb4 Bf7 41. Qe1 Qa4 42. Qc3 Qa1+ 43. Kg2 Rd1 44. Nh3 Be6 45. f4 e3 46. Qxe3
Bd5+ 47. Qf3 Bxf3+ 48. exf3 Rh1 49. Kf2 Qe1+ 50. Kg2 Qf1# {Hossa checkmated}
0-1

[Event "ICS rated standard match"]
[Site "204.178.125.65"]
[Date "2000.07.17"]
[Round "?"]
[White "astaire"]
[Black "Hossa"]
[Result "0-1"]
[WhiteElo "2027"]
[BlackElo "2351"]
[PlyCount "37"]
[EventDate "2000.??.??"]

1. c4 e5 2. g3 d6 3. Bg2 f5 4. Nc3 Nf6 5. d3 Be7 6. e3 O-O 7. Qb3 Na6 8. Bd2
Nc5 9. Qc2 e4 10. dxe4 fxe4 11. Nxe4 Nfxe4 12. Bxe4 Nxe4 13. Qxe4 c6 14. Ne2
Bf5 15. Qg2 Bf6 16. Bc3 Bd3 17. Bxf6 Qxf6 18. Nf4 Qxb2 19. Nxd3 {
astaire resigns} 0-1

[Event "ICS rated blitz match"]
[Site "204.178.125.65"]
[Date "2000.07.17"]
[Round "?"]
[White "Hossa"]
[Black "Nekhamkin"]
[Result "1-0"]
[WhiteElo "2460"]
[BlackElo "2327"]
[PlyCount "35"]
[EventDate "2000.??.??"]

1. e4 e6 2. d4 d5 3. Nd2 dxe4 4. Nxe4 b6 5. Nf3 Bb7 6. Bb5+ c6 7. Bd3 Be7 8.
O-O Nd7 9. Bf4 Ndf6 10. Nc3 Nd5 11. Nxd5 Qxd5 12. Qe2 Nf6 13. c4 Qh5 14. Qc2
O-O 15. Rfe1 Rad8 16. Re5 Qg4 17. Bd2 c5 18. h3 {Nekhamkin resigns} 1-0

[Event "ICS rated blitz match"]
[Site "204.178.125.65"]
[Date "2000.07.17"]
[Round "?"]
[White "hnishy"]
[Black "Hossa"]
[Result "0-1"]
[WhiteElo "2320"]
[BlackElo "2470"]
[PlyCount "110"]
[EventDate "2000.??.??"]

1. e4 c6 2. d3 g6 3. Nf3 Bg7 4. g3 d5 5. Nbd2 Nf6 6. Bg2 dxe4 7. dxe4 O-O 8.
O-O c5 9. c3 Nc6 10. Qc2 Bd7 11. h3 Qc8 12. Kh2 Rd8 13. Re1 Ne8 14. a4 Nd6 15.
Nf1 b6 16. Bf4 e5 17. Bd2 f6 18. Ne3 Be6 19. Rad1 Na5 20. Nd5 Qb7 21. Bc1 Nxe4
22. Qxe4 Bxd5 23. Rxd5 Rxd5 24. Ng5 Rad8 25. Ne6 R8d6 26. Nxg7 Qxg7 27. Be3 Rd3
28. Qa8+ Rd8 29. Qe4 f5 30. Qh4 e4 31. Bf1 Rd1 32. Rxd1 Rxd1 33. Bb5 c4 34. Bd4
Rxd4 35. cxd4 Qxd4 36. Qf4 a6 37. Bxa6 Qxb2 38. Bc8 Qd4 39. Be6+ Kf8 40. Kg2
Ke7 41. Bg8 Qd6 42. Qg5+ Kf8 43. Bxh7 Kg7 44. Bxg6 Qxg6 45. Qe7+ Qf7 46. Qg5+
Kh7 47. Qh4+ Kg6 48. Qd8 Qe6 49. h4 e3 50. Qg5+ Kf7 51. fxe3 c3 52. h5 c2 53.
e4 Qxe4+ 54. Kh2 f4 55. gxf4 c1=Q {hnishy resigns} 0-1

[Event "ICS rated blitz match"]
[Site "204.178.125.65"]
[Date "2000.07.17"]
[Round "?"]
[White "Hossa"]
[Black "philby"]
[Result "0-1"]
[WhiteElo "2479"]
[BlackElo "2330"]
[PlyCount "96"]
[EventDate "2000.??.??"]

1. e4 c5 2. d4 cxd4 3. Qxd4 Nc6 4. Qd1 Nf6 5. Nc3 e6 6. Nf3 d5 7. exd5 exd5 8.
Bd3 d4 9. Ne2 Qa5+ 10. Bd2 Qb6 11. Rb1 Be6 12. a4 Bg4 13. Ng5 Bb4 14. O-O h6
15. Ne4 Nxe4 16. Bxe4 O-O 17. Re1 Rfe8 18. Bd3 Rac8 19. h3 Bd7 20. Bb5 Bc5 21.
Nf4 Rxe1+ 22. Qxe1 Bd6 23. Qe4 Re8 24. Qf3 a6 25. Be2 Ne5 26. Qd5 Bxa4 27. Bd1
Bb4 28. Bc1 Bc5 29. b4 Bd6 30. Bd2 Qc7 31. Qa2 Nc4 32. Qxa4 b5 33. Qa2 Bxf4 34.
Bg4 Nxd2 35. Rd1 Ne4 36. g3 Bxg3 37. Kg2 Nxf2 38. Rxd4 Bh4 39. Qb3 Nxg4 40.
hxg4 Re2+ 41. Kf3 Rf2+ 42. Ke3 Qg3+ 43. Ke4 Qxg4+ 44. Ke5 Bg3+ 45. Kd5 Qe6+ 46.
Kc5 Rf5+ 47. Rd5 Bf2+ 48. Qe3 Bxe3# {Hossa checkmated} 0-1

[Event "ICS rated blitz match"]
[Site "204.178.125.65"]
[Date "2000.07.17"]
[Round "?"]
[White "Hossa"]
[Black "philby"]
[Result "1-0"]
[WhiteElo "2468"]
[BlackElo "2341"]
[PlyCount "42"]
[EventDate "2000.??.??"]

1. e4 e5 2. Nc3 Nf6 3. f4 d5 4. fxe5 Nxe4 5. Nf3 Be7 6. d3 Nxc3 7. bxc3 c5 8.
d4 Nc6 9. Bb5 Qa5 10. Bxc6+ bxc6 11. Bd2 Rb8 12. O-O Ba6 13. c4 Qc7 14. cxd5
cxd5 15. Rf2 cxd4 16. Nxd4 O-O 17. e6 Bd6 18. g3 Be5 19. Bf4 Bxf4 20. gxf4 Rbe8
21. Qg4 Qc3 {philby resigns} 1-0

[Event "ICS rated blitz match"]
[Site "204.178.125.65"]
[Date "2000.07.17"]
[Round "?"]
[White "PostModernist"]
[Black "Hossa"]
[Result "1/2-1/2"]
[WhiteElo "2661"]
[BlackElo "2474"]
[PlyCount "105"]
[EventDate "2000.??.??"]

1. d4 Nf6 2. c4 e6 3. Nf3 b6 4. Nc3 Bb4 5. Bg5 Bb7 6. e3 h6 7. Bh4 g5 8. Bg3
Ne4 9. Qc2 h5 10. Bd3 Nxg3 11. hxg3 g4 12. Nh4 Nc6 13. O-O-O Bxc3 14. Qxc3 Qf6
15. Rdf1 O-O-O 16. c5 Qe7 17. Kb1 bxc5 18. dxc5 Kb8 19. Be4 Rc8 20. Rd1 d5 21.
Bd3 Rcd8 22. Bb5 Qe8 23. Qb3 Qd7 24. Ba6 Qc8 25. Ka1 Ne5 26. Rhg1 Rde8 27. Rd4
Nc6 28. Ra4 Ka8 29. Bb5 Rd8 30. Bxc6 Bxc6 31. Rf4 Rhf8 32. Qc3 Qd7 33. Rd1 Bb5
34. Qe5 Rh8 35. Qf6 Kb8 36. Qxf7 Qxf7 37. Rxf7 Rhf8 38. Rf4 Rxf4 39. gxf4 Kb7
40. b3 Be2 41. Rd2 Bf1 42. Kb2 Kc6 43. b4 a5 44. bxa5 Rb8+ 45. Ka3 Rb5 46. Ka4
Kxc5 47. Rc2+ Bc4 48. f5 exf5 49. Nxf5 Rb4+ 50. Ka3 Rb5 51. Ka4 Rb4+ 52. Ka3
Rb5 53. Ka4 1/2-1/2

[Event "ICS rated blitz match"]
[Site "204.178.125.65"]
[Date "2000.07.17"]
[Round "?"]
[White "Hossa"]
[Black "rmdg567"]
[Result "1-0"]
[WhiteElo "2482"]
[BlackElo "2016"]
[PlyCount "79"]
[EventDate "2000.??.??"]

1. e4 c5 2. Nf3 d6 3. d4 cxd4 4. Nxd4 Nf6 5. Nc3 g6 6. Be3 Bg7 7. Be2 O-O 8.
O-O Nc6 9. Nb3 Be6 10. f3 Qc8 11. Qd2 Rd8 12. Bh6 Bh8 13. Nd5 Nd7 14. c3 a5 15.
Bb5 Bxd5 16. exd5 a4 17. Nc1 Na5 18. Qe3 Nc4 19. Bxc4 Qxc4 20. Qxe7 Qxd5 21.
Ne2 Qe6 22. Qxe6 fxe6 23. Nd4 Re8 24. Nb5 a3 25. bxa3 Rec8 26. Nxd6 Rxc3 27.
Rad1 Nf6 28. Rb1 Rcxa3 29. Rxb7 Nd5 30. Rfb1 Bd4+ 31. Kf1 Rd8 32. Nb5 Ra4 33.
Nxd4 Rxd4 34. Rg7+ Kh8 35. Ra7 Kg8 36. Rbb7 Nf6 37. Bg5 Rd1+ 38. Ke2 R1d7 39.
Bxf6 Rxb7 40. Rxb7 {rmdg567 resigns} 1-0

[Event "ICS rated blitz match"]
[Site "204.178.125.65"]
[Date "2000.07.17"]
[Round "?"]
[White "WitPaard"]
[Black "Hossa"]
[Result "0-1"]
[WhiteElo "2139"]
[BlackElo "2484"]
[PlyCount "39"]
[EventDate "2000.??.??"]

1. e4 e5 2. Nf3 d6 3. d4 exd4 4. Nxd4 Nf6 5. Nc3 Be7 6. Bf4 O-O 7. Qd2 c6 8.
O-O-O b5 9. f3 b4 10. Nce2 c5 11. Nf5 Bxf5 12. exf5 Qa5 13. Kb1 c4 14. g4 Nc6
15. g5 c3 16. Qd3 b3 17. cxb3 Nb4 18. Qxc3 Qxa2+ 19. Kc1 Rac8 20. gxf6 {
WitPaard resigns} 0-1

[Event "ICS rated blitz match"]
[Site "204.178.125.65"]
[Date "2000.07.17"]
[Round "?"]
[White "Hossa"]
[Black "WitPaard"]
[Result "1-0"]
[WhiteElo "2488"]
[BlackElo "2135"]
[PlyCount "77"]
[EventDate "2000.??.??"]

1. e4 e5 2. d4 exd4 3. Qxd4 Nc6 4. Qd1 Nf6 5. Bd3 d5 6. exd5 Qxd5 7. Nf3 Bg4 8.
Qe2+ Be7 9. Nc3 Bxf3 10. Nxd5 Bxe2 11. Nxf6+ Bxf6 12. Kxe2 O-O 13. c3 Rfe8+ 14.
Be3 Ne5 15. Be4 c6 16. Bc2 Nc4 17. Rab1 Nxe3 18. fxe3 Bg5 19. e4 f5 20. h4 Bh6
21. g4 fxg4 22. Rhg1 Rad8 23. Bd3 Rd6 24. Rbf1 b5 25. Rxg4 a6 26. Rg3 c5 27. b3
g6 28. c4 b4 29. Rf5 Rc6 30. h5 Bg7 31. Rd5 Be5 32. Rg5 Rce6 33. Rxc5 Kg7 34.
Rg2 Kh6 35. hxg6 hxg6 36. Rd5 g5 37. Rd7 Rg8 38. c5 g4 39. Bc4 {
WitPaard resigns} 1-0

[Event "ICS rated standard match"]
[Site "204.178.125.65"]
[Date "2000.07.17"]
[Round "?"]
[White "Hossa"]
[Black "Amy"]
[Result "0-1"]
[WhiteElo "2355"]
[BlackElo "2455"]
[PlyCount "102"]
[EventDate "2000.??.??"]

1. e4 c5 2. Nf3 Nc6 3. Bb5 d6 4. d4 cxd4 5. Nxd4 Bd7 6. Be3 Nf6 7. Nc3 Ng4 8.
Bc1 Nf6 9. O-O g6 10. Nd5 Bg7 11. Nxf6+ Bxf6 12. Be3 O-O 13. c3 Ne5 14. Bh6
Bxb5 15. Nxb5 Re8 16. Na3 g5 17. Qh5 e6 18. Rfd1 a6 19. Rd2 Qe7 20. Rad1 Red8
21. Kh1 Rac8 22. Rg1 Rc5 23. Ra1 Rdc8 24. Rad1 R8c6 25. Nc2 Nc4 26. Nb4 Rc7 27.
Re2 Ne5 28. Nd3 Nxd3 29. Rxd3 Ra5 30. a3 Rb5 31. Red2 Rc4 32. Rxd6 Rxe4 33.
Rd8+ Qxd8 34. Rxd8+ Bxd8 35. g4 Rxb2 36. Bf8 Rxf2 37. Kg1 Ra2 38. Kf1 Kxf8 39.
Qxh7 Rf4+ 40. Ke1 Rxg4 41. Qh8+ Ke7 42. Qd4 Rgg2 43. Qb4+ Ke8 44. Kf1 Rxh2 45.
Kg1 Bc7 46. Qb1 Rad2 47. Qb3 b5 48. c4 Bb6+ 49. c5 Bxc5+ 50. Qe3 Bxe3+ 51. Kf1
Rd1# {Hossa checkmated} 0-1

[Event "ICS Rated blitz match"]
[Site "204.178.125.65"]
[Date "2000.07.17"]
[Round "?"]
[White "QueenMaxima"]
[Black "Hossa"]
[Result "0-1"]
[WhiteElo "2350"]
[BlackElo "2492"]
[PlyCount "138"]
[EventDate "2000.??.??"]

1. d4 Nf6 2. Bf4 c5 3. dxc5 Na6 4. e3 Nxc5 5. Nc3 d6 6. Qd2 g6 7. Bb5+ Bd7 8.
Bg5 Bxb5 9. Bxf6 Bc6 10. Bxh8 Bxg2 11. Bd4 Bxh1 12. f3 e5 13. Bxc5 dxc5 14. Qf2
Be7 15. Rd1 Qa5 16. Kf1 Rd8 17. Rxd8+ Qxd8 18. Qe2 Qb6 19. b3 Qa5 20. Qd3 Kf8
21. a4 Bh4 22. e4 Qb6 23. Nd5 Qd8 24. Qe3 Qg5 25. Qxg5 Bxg5 26. a5 f5 27. a6
bxa6 28. exf5 gxf5 29. Ke2 e4 30. f4 Bd8 31. Ne3 Bc7 32. Nxf5 Bxf4 33. Ng3 Bxg3
34. hxg3 Kg7 35. Ke3 Kg6 36. Kf4 c4 37. bxc4 a5 38. c5 Kf6 39. Ke3 a4 40. c6
Ke7 41. Ne2 a3 42. Nc3 a6 43. Nd5+ Kd8 44. Nb4 a5 45. Na2 Kc7 46. c4 Kxc6 47.
Kd4 Bf3 48. Nc1 h5 49. Na2 Be2 50. Nc3 e3 51. c5 Bc4 52. Kxe3 a2 53. Nxa2 Bxa2
54. Kd4 a4 55. Kc3 Kxc5 56. Kb2 Kd4 57. Kxa2 Ke4 58. Ka3 Kf3 59. Kxa4 Kxg3 60.
Kb3 h4 61. Kc4 h3 62. Kd4 h2 63. Ke4 h1=Q+ 64. Ke5 Qd1 65. Ke4 Qd6 66. Ke3 Qd5
67. Ke2 Qd4 68. Ke1 Kf3 69. Kf1 Qd1# 0-1

[Event "ICS Rated standard match"]
[Site "204.178.125.65"]
[Date "2000.07.17"]
[Round "?"]
[White "meerschein"]
[Black "Hossa"]
[Result "1/2-1/2"]
[WhiteElo "2200"]
[BlackElo "2343"]
[PlyCount "152"]
[EventDate "2000.??.??"]

1. e4 e5 2. Nf3 d6 3. Bc4 Be7 4. O-O Nf6 5. Nc3 O-O 6. h3 Nc6 7. d4 exd4 8.
Nxd4 Nxd4 9. Qxd4 Be6 10. Re1 c6 11. Be3 Bxc4 12. Qxc4 Nd7 13. Rad1 Re8 14. Bd4
Nb6 15. Qd3 Bg5 16. Qg3 Re6 17. Bxg7 Bh4 18. Bf6+ Bxg3 19. Bxd8 Bxf2+ 20. Kxf2
Rxd8 21. b3 Rde8 22. g4 Rf6+ 23. Kg3 h6 24. Rf1 Rxf1 25. Rxf1 Nd7 26. Rd1 Re6
27. a4 Nc5 28. Rd4 Kg7 29. Kf3 Rg6 30. h4 Nd7 31. g5 hxg5 32. hxg5 Nf8 33. Rb4
b6 34. Rc4 Nd7 35. Kf4 Nc5 36. b4 Ne6+ 37. Ke3 c5 38. Nb5 Nxg5 39. Nxa7 Re6 40.
bxc5 dxc5 41. Kf4 Kg6 42. Nb5 Rf6+ 43. Ke5 Nf3+ 44. Kd5 Kg7 45. e5 Re6 46. Re4
Kf8 47. Re3 Nh4 48. Nc7 Nf5 49. Rb3 Ne7+ 50. Ke4 Rh6 51. e6 Rh4+ 52. Ke5 Rxa4
53. Rxb6 Ra7 54. Nd5 c4 55. exf7 Nxd5 56. Kxd5 Kxf7 57. Kxc4 Rc7+ 58. Kb3 Ke8
59. Rd6 Rb7+ 60. Kc3 Rc7+ 61. Kd3 Ke7 62. Rd4 Rc6 63. c4 Rd6 64. Ke4 Rxd4+ 65.
Kxd4 Kd8 66. Kd5 Kd7 67. Kc5 Kc7 68. Kb5 Kb7 69. c5 Kc7 70. c6 Kc8 71. Kb6 Kb8
72. Kc5 Kc8 73. Kd5 Kc7 74. Kc5 Kc8 75. Kd6 Kd8 76. Kc5 Kc8 1/2-1/2

[Event "ICS Rated blitz match"]
[Site "204.178.125.65"]
[Date "2000.07.17"]
[Round "?"]
[White "Hossa"]
[Black "QueenMaxima"]
[Result "0-1"]
[WhiteElo "2502"]
[BlackElo "2387"]
[PlyCount "94"]
[EventDate "2000.??.??"]

1. e4 c5 2. Nf3 e6 3. d4 cxd4 4. Nxd4 Nc6 5. Nc3 Qc7 6. Be2 a6 7. Nxc6 bxc6 8.
Be3 Rb8 9. Rb1 Bb4 10. Qd3 Nf6 11. a3 Bxc3+ 12. Qxc3 O-O 13. f3 Re8 14. O-O d5
15. e5 Nd7 16. f4 c5 17. b4 c4 18. Bd4 Nb6 19. Qe3 Bd7 20. Bc5 Qd8 21. Bd6 Rb7
22. g3 Ba4 23. Rbc1 Nc8 24. Bc5 Ne7 25. g4 Qd7 26. Qc3 Qc6 27. h4 Kh8 28. h5 h6
29. g5 Nf5 30. Bg4 Reb8 31. Bf2 Kg8 32. Rcd1 a5 33. bxa5 Rb2 34. Rd2 d4 35.
Bxd4 Rxc2 36. Rxc2 Bxc2 37. Ba7 Rb3 38. Bf3 Be4 39. Bxe4 Qxe4 40. Qd2 hxg5 41.
Bf2 Rh3 42. Bg3 Nxg3 43. Kf2 gxf4 44. Rh1 Rxh1 45. Qd8+ Kh7 46. Qg8+ Kxg8 47.
h6 Rf1# {Hossa checkmated} 0-1

[Event "ICS Rated standard match"]
[Site "204.178.125.65"]
[Date "2000.07.17"]
[Round "?"]
[White "Hossa"]
[Black "SeeBach"]
[Result "1/2-1/2"]
[WhiteElo "2343"]
[BlackElo "2188"]
[PlyCount "103"]
[EventDate "2000.??.??"]

1. e4 c5 2. Nf3 Nc6 3. d4 cxd4 4. Nxd4 e5 5. Nb5 d6 6. a4 Be7 7. Bc4 Nf6 8. O-O
O-O 9. N1c3 a6 10. Na3 Bg4 11. f3 Be6 12. Nd5 Bxd5 13. exd5 Nb8 14. Be3 Nbd7
15. Qd2 Rc8 16. a5 h6 17. Be2 Ne8 18. Nc4 Bg5 19. f4 Bxf4 20. Bxf4 exf4 21.
Qxf4 Qg5 22. Qxg5 hxg5 23. Ra3 f6 24. Rb3 Rc7 25. Rh3 Ne5 26. Nxe5 dxe5 27. Bg4
g6 28. Be6+ Kg7 29. c3 Nd6 30. Re1 Rh8 31. Rxh8 Kxh8 32. Rd1 Kg7 33. Kf2 f5 34.
Ra1 Kf6 35. Ke2 g4 36. Rh1 Rc5 37. Ra1 Ne8 38. Ra3 Rc7 39. Ra1 Rh7 40. Rd1 Nd6
41. Rh1 Nc4 42. b4 Nd6 43. Kd3 Rc7 44. Rc1 Nc4 45. Ke2 e4 46. g3 Ke5 47. Bg8
Nd6 48. Kf1 Rg7 49. Be6 Rc7 50. Bg8 Rc4 51. Ke2 Rc7 52. Kf1 1/2-1/2

[Event "ICS rated blitz match"]
[Site "204.178.125.65"]
[Date "2000.07.17"]
[Round "?"]
[White "Hossa"]
[Black "Amateur"]
[Result "1-0"]
[WhiteElo "2471"]
[BlackElo "2587"]
[PlyCount "65"]
[EventDate "2000.??.??"]

1. e4 c6 2. d4 d5 3. Nc3 dxe4 4. Nxe4 Nf6 5. Nxf6+ gxf6 6. c3 Be6 7. Nf3 Nd7 8.
Bd3 Qa5 9. Bf4 Bg7 10. O-O Bg4 11. h3 Bh5 12. Qe2 e5 13. dxe5 fxe5 14. b4 Qa4
15. Bg5 Qa3 16. Bf5 h6 17. Bxd7+ Kxd7 18. Nxe5+ Bxe5 19. Qxe5 Rae8 20. Rfd1+
Bxd1 21. Qf5+ Kc7 22. Bf4+ Kb6 23. Qc5+ Ka6 24. b5+ cxb5 25. Qxa3+ Ba4 26. c4
Rhg8 27. cxb5+ Kxb5 28. Rb1+ Kc4 29. Qxa4+ Kd5 30. Qb5+ Ke6 31. Qe5+ Kd7 32.
Rxb7+ Kc6 33. Qb5# {Amateur checkmated} 1-0

[Event "ICS rated blitz match"]
[Site "204.178.125.65"]
[Date "2000.07.17"]
[Round "?"]
[White "Amateur"]
[Black "Hossa"]
[Result "1/2-1/2"]
[WhiteElo "2566"]
[BlackElo "2492"]
[PlyCount "316"]
[EventDate "2000.??.??"]

1. e4 e5 2. Nf3 d6 3. Bc4 Be7 4. d4 exd4 5. Nxd4 Nf6 6. Nc3 O-O 7. O-O c6 8.
Bf4 b5 9. Bd3 Qc7 10. a4 b4 11. Nce2 Na6 12. Qd2 Nc5 13. Qxb4 Nfxe4 14. Bxe4
Nxe4 15. Qc4 c5 16. Nb5 Qc6 17. f3 d5 18. Qd3 Nd6 19. Nec3 d4 20. Bxd6 Bxd6 21.
Nxd6 Qxd6 22. Ne4 Qd5 23. Qb5 Bf5 24. c4 dxc3 25. bxc3 a6 26. Qa5 Bxe4 27. fxe4
Qe5 28. Rae1 Rfe8 29. Rf3 Qd6 30. Rf5 Rac8 31. Rd5 Qc6 32. c4 f6 33. Re3 Rc7
34. Re1 Rcc8 35. h3 h6 36. e5 fxe5 37. Red1 Kh8 38. Rd7 Rf8 39. R1d6 Qe4 40.
Qxa6 Qe3+ 41. Kh2 Qf4+ 42. Kg1 Rb8 43. Rd1 Qg3 44. Qd6 Qf2+ 45. Kh1 Rb3 46.
Qxf8+ Qxf8 47. Rd8 Qxd8 48. Rxd8+ Kh7 49. Rd5 Rb4 50. Rxe5 Rxc4 51. a5 Kg6 52.
Kg1 Kf6 53. Rh5 g6 54. Rd5 Ke6 55. Rd8 Ra4 56. Rg8 Kf5 57. Rf8+ Kg5 58. Ra8 Ra2
59. Kh2 h5 60. Kg3 Ra3+ 61. Kf2 Kf4 62. g3+ Ke4 63. Re8+ Kd4 64. Ra8 c4 65. a6
Ra2+ 66. Kf3 c3 67. Rd8+ Kc4 68. Rc8+ Kd5 69. Rxc3 Rxa6 70. Kf4 Kd4 71. Rc8
Rf6+ 72. Kg5 Rf3 73. Kh4 Kd5 74. g4 Ke6 75. Rc6+ Kf7 76. gxh5 gxh5 77. Rc5 Kg7
78. Rxh5 Rf4+ 79. Kg3 Kg6 80. Rd5 Rf5 81. Rd8 Rg5+ 82. Kf3 Rf5+ 83. Kg4 Rg5+
84. Kf4 Rf5+ 85. Ke4 Rh5 86. Rd3 Rh4+ 87. Ke5 Rh5+ 88. Kf4 Rh4+ 89. Kg3 Re4 90.
h4 Kh7 91. Rd6 Re3+ 92. Kf4 Rh3 93. Kg4 Rh2 94. h5 Rg2+ 95. Kh3 Rg1 96. Kh4
Rh1+ 97. Kg5 Rg1+ 98. Kf5 Rf1+ 99. Kg5 Rg1+ 100. Kf4 Rh1 101. Kg4 Rg1+ 102. Kf3
Rf1+ 103. Kg4 Rg1+ 104. Kf5 Rf1+ 105. Ke6 Re1+ 106. Kd7 Rh1 107. Rd5 Kh6 108.
Kd6 Rxh5 109. Rd2 Rh4 110. Rg2 Rh3 111. Rg8 Rf3 112. Ke5 Rf2 113. Kd4 Rf1 114.
Ke4 Re1+ 115. Kd5 Rf1 116. Ke5 Re1+ 117. Kd4 Rf1 118. Kd5 Re1 119. Rh8+ Kg7
120. Rc8 Rf1 121. Ke4 Rg1 122. Rc6 Rh1 123. Kd4 Rg1 124. Ke5 Rh1 125. Kf5 Rg1
126. Rc7+ Kh6 127. Rc6+ Kh7 128. Ke4 Rh1 129. Ke5 Rg1 130. Kf5 Rh1 131. Rd6 Rg1
132. Rd7+ Kh8 133. Ke5 Rh1 134. Kf6 Rg1 135. Kf5 Rh1 136. Ra7 Rg1 137. Ke4 Rh1
138. Rb7 Rg1 139. Rf7 Rh1 140. Rc7 Rg1 141. Rb7 Rh1 142. Kf5 Rg1 143. Ke5 Rf1
144. Rc7 Rg1 145. Ra7 Re1+ 146. Kf6 Rf1+ 147. Ke5 Rg1 148. Rd7 Rh1 149. Kf6 Rg1
150. Kf5 Rh1 151. Ra7 Rg1 152. Ke4 Rh1 153. Rd7 Rg1 154. Ke3 Rh1 155. Rb7 Rg1
156. Rf7 Rh1 157. Ke4 Rg1 158. Ke5 Rh1 1/2-1/2